00000000nam 2200000za 4500
0019.664130
003CaOODSP
00520210615121426
007ta
008150407|2002||||xxc|||||     f|0| 0 fre d
020 |a0-662-66906-1
040 |aCaOODSP|bfre
041 |aeng
041 |afre
043 |an-cn---
0861 |aH21-183/2002
1101 |aCanada.|bDéveloppement des ressources humaines Canada.
24510|aActivités et dépenses relatives au développement de la petite enfance : |brapport 2001-2002 du gouvernement du Canada / |cPublié conjointement par Santé Canada et Affaires indiennes et du Nord Canada.
260 |aOttawa - Ontario : |bDéveloppement des ressources humaines Canada |c2002.
300 |aTexte français, 108p. : |bfigures, ill., tableaux ; |c28 cm.
500 |aEn tête du titre: Entente fédérale-provinciale-territoriale sur le développement de la petite enfance.
563 |aCouverture souple
590 |a03-29|b2003-07-18
69107|aÉducation préscolaire|2gcpds
69107|aAccord fédéral-provincial|2gcpds
69107|aSoin du nouveau-né|2gcpds
69107|aSoins périnataux|2gcpds
69107|aArt d'être parent|2gcpds
69107|aEnfant|2gcpds
69107|aFamille|2gcpds
69107|aÉducation|2gcpds
69107|aSanté de l'enfant|2gcpds
7102 |aSanté Canada.
7101 |aCanada. |bAffaires indiennes et du Nord Canada.
7760#|tActivités et dépenses relatives au développement de la petite enfance |w(CaOODSP)9.630844
7760#|tEarly childhood development activities and expenditures |w(CaOODSP)9.686373
791 |tEarly childhood development activities and expenditures : |eeng|w(CaOODSP)9.664129
986 |aSP-544-11-02